01909naa a2200289 i 4500001000400000003000400004005001700008008003900025040000800064041000800072044000800080100011600088245022100204260001000425500002100435520044200456650003900898650002300937650001600960655003000976700011601006773024801122711011701370700010401487942001301591999001501604BPPBPK20180403105431.0140523s2009 pl f |100 0 pol cBPK aeng aPOL aTOMKOWSKI, Robert.d2008 - .bPolitechnika Koszalińska - Wydział Mechaniczny,cKatedra Mechaniki Precyzyjnej aAnalysis of the value relation horizontal and vertical parameters in the aspect of the stereometric properties estimation and features classifications of surface /cRobert Tomkowski, Anna Tomkowska, Wojciech Kacalak. c2009. aDane z autopsji. aIn the paper authors present analysis of relation between of chosen horizontal and vertical parameters in the aspect of the estimation of the properties of the topography of engineering surfaces. Test were presented of optimizing of the parameters number in the estimation of the topographyof surfaces. The described problem is also important in consideration of the fact that too large collection of parameters are used in the industry. aStereometric structure of surface. aRelation analysis. aParameters. 0aMateriały konferencyjne. aKACALAK, Wojciech.d1996 - .bPolitechnika Koszalińska - Wydział Mechaniczny,cKatedra Mechaniki Precyzyjnej iW :tProceedings of the 12th International Conference on Metrology and Properties of Engineering Surfaces / eds. P. Pawlus, L. Blunt, B.G. Rosen, T. Thomas, M. Wieczorowski, H. Zahouani. -dRzeszów : University of Technology, 2009. -gs. 385 aInternational Conference on Metrology and Properties of Engineering Surfacesn(12 ;d2009 ;cRzeszów, Polska). aTOMKOWSKA, Anna.bPolitechnika Koszalińska - Wydział Mechaniczny,cKatedra Mechaniki Precyzyjnej cART2UKD c3505d3505